| 000 | 00846nas a2200253Ia 4500 | ||
|---|---|---|---|
| 001 | R012/42606 | ||
| 003 | IT-RoPAU | ||
| 008 | 151124c99999999xx |||||||||||| ||und|| | ||
| 040 | _aIT-RoPAU | ||
| 040 | _cIT-RoPAU | ||
| 041 | _aITALIANO | ||
| 100 |
_aCremonini Giorgio _gCodice Aut. SPICS: 7710 |
||
| 210 | _aCINEMA & CINEMA | ||
| 222 | _aCinema & Cinema | ||
| 245 |
_aCINEMA & CINEMA, ANNO 13-N.45 (GIUGNO 1986) _bSegno A Una Dimensione (Il) |
||
| 250 | _a1a ed. | ||
| 260 |
_aMILANO _bINTRAPRESA _c1986 |
||
| 501 |
_bPaulus - SPICS - Società San Paolo EM (non-commercial uses only) _cCopyright2015 |
||
| 300 | _a3 p. [11-13] | ||
| 362 | _aANNO 013, N.45 (GIUGNO 1986) | ||
| 500 | _aTeoria dell'Argomentazione. Fantasma del Bello. Estetica e Argomentazione nel Cinema. | ||
| 650 |
_aCINEMA _vPUBBLICAZIONE PERIODICA |
||
| 942 | _cCR | ||
| 999 |
_c132908 _d132908 |
||